| 000 | 00604nam a22001937a 4500 | ||
|---|---|---|---|
| 003 | OSt | ||
| 005 | 20240228130510.0 | ||
| 008 | 201120b 2018 dr f 00| 0 eng d | ||
| 020 | _a9789945169089 | ||
| 040 |
_aDO-SdBNP _bspa _cBNPHU |
||
| 082 | _bG934c | ||
| 100 | 1 |
_aGuerrero, Laureano, _d1952- _977343 |
|
| 245 | 1 | 0 |
_aLcosta apartheid dominicano : _bnovela / _cLureano Guerrero Sánchez. |
| 260 |
_aSanto Domingo : _bBúho, _c2018. |
||
| 300 |
_a180 p. _c23 cm. |
||
| 500 | _aIncluye datos biográficos del autor en la solapa de la cubierta. | ||
| 590 | _aInventariado, 2020 /LP | ||
| 942 |
_2ddc _cLBS1 |
||
| 999 |
_c49174 _d49174 |
||